[Event "GER-chT Online Liga 1 GpA"]
[Site "Playchess.com INT"]
[Date "2021.03.02"]
[Round "5.2"]
[White "Junker, Reiner"]
[Black "Wielebinski, Paul Martin"]
[Result "0-1"]
[WhiteElo "2238"]
[BlackElo "2067"]
[PlyCount "62"]
[EventDate "2021.01.22"]
[EventType "team-tourn (rapid)"]
[EventRounds "7"]
[EventCountry "GER"]
[SourceTitle "EXT 2022"]
[Source "ChessBase"]
[SourceDate "2021.10.06"]
[SourceVersion "1"]
[SourceVersionDate "2021.10.06"]
[SourceQuality "1"]
[WhiteTeam "Ludwigshafen"]
[BlackTeam "Osnabrueck SV"]
[WhiteTeamCountry "GER"]
[BlackTeamCountry "GER"]

1. g3 g6 2. Bg2 Bg7 3. c4 c5 4. Nc3 Nc6 5. e4 Nf6 6. Nge2 0-0 7. 0-0 d6 8. d3 Rb8 9. h3 a6 10. a4 Ne8 11. Be3 Nc7 12. d4 cxd4 13. Nxd4 Ne6 14. Nde2 Nc5 15. f4 Be6 16. b3 Qa5 17. Rc1 Qb4 18. Bxc5 Qxc5+ 19. Kh2 Qh5 20. Qd3 Bg4 21. Rce1 e6 22. Rf2 Rfd8 23. f5 Ne5 24. Qc2 Bh6 25. Nf4 Bxf4 26. gxf4 Nf3+ 27. Bxf3 Qxh3+ 28. Kg1 Bxf3 29. Rh2 Qg3+ 30. Kf1 Bg4 31. Qd2 Bh3+ 0-1

[Event "GER-chT Online Liga 1 GpA"]
[Site "Playchess.com INT"]
[Date "2021.02.08"]
[Round "3.2"]
[White "Schimnatkowski, Lukas"]
[Black "Junker, Reiner"]
[Result "0-1"]
[WhiteElo "2173"]
[BlackElo "2238"]
[PlyCount "122"]
[EventDate "2021.01.22"]
[EventType "team-tourn (rapid)"]
[EventRounds "7"]
[EventCountry "GER"]
[SourceTitle "EXT 2022"]
[Source "ChessBase"]
[SourceDate "2021.10.06"]
[SourceVersion "1"]
[SourceVersionDate "2021.10.06"]
[SourceQuality "1"]
[WhiteTeam "Essen Katernberg"]
[BlackTeam "Ludwigshafen"]
[WhiteTeamCountry "GER"]
[BlackTeamCountry "GER"]

1. e4 e5 2. Nf3 Nc6 3. Bc4 Bc5 4. 0-0 d6 5. c3 Qf6 6. b4 Bb6 7. a4 a6 8. d3 h6 9. Be3 Ba7 10. Nbd2 Nge7 11. b5 Nb8 12. Qb3 Nd7 13. d4 0-0 14. a5 axb5 15. Qxb5 Rd8 16. Rfd1 c6 17. Qb3 Bb8 18. Nf1 Bc7 19. Qb4 d5 20. dxe5 Nxe5 21. Nxe5 Bxe5 22. Qb6 Bg4 23. f3 Bxc3 24. Bd4 Bxd4+ 25. Rxd4 Nc8 26. Qb2 Be6 27. exd5 Bxd5 28. Rad1 Ne7 29. Qxb7 Nf5 30. Rf4 g5 31. Rxf5 Qxf5 32. Bxd5 cxd5 33. a6 d4 34. Ng3 Qa5 35. Nh5 Qxa6 36. Qe7 Qe6 37. Qc5 Rac8 38. Qa5 d3 39. h4 gxh4 40. Qa1 Qe3+ 41. Kh1 Qd4 42. Qa6 Qd6 43. Qa1 Qg6 44. Nf6+ Kf8 45. Re1 d2 46. Rd1 Rc1 47. Qa3+ Kg7 48. Nh5+ Qxh5 49. Qb2+ Kh7 50. Rxc1 dxc1Q+ 51. Qxc1 Qd5 52. Qb1+ Qd3 53. Qb7 Qd1+ 54. Kh2 Qd6+ 55. Kh1 Qg6 56. Qb3 Re8 57. Qc3 Re2 58. g4 hxg3 59. Qc5 g2+ 60. Kg1 Re1+ 61. Kf2 g1Q# 0-1

[Event "Oberliga Sued W 1011"]
[Site "Germany"]
[Date "2010.11.14"]
[Round "3.3"]
[White "Junker, Reiner"]
[Black "Klein, Joachim"]
[Result "1/2-1/2"]
[WhiteElo "2165"]
[BlackElo "2246"]
[PlyCount "106"]
[EventDate "2010.10.10"]
[EventType "team-tourn"]
[EventRounds "9"]
[EventCountry "GER"]
[SourceTitle "EXT 2012"]
[Source "ChessBase"]
[SourceDate "2011.11.24"]
[SourceVersion "1"]
[SourceVersionDate "2011.11.24"]
[SourceQuality "1"]
[WhiteTeam "Ludwigshafen"]
[BlackTeam "Illingen"]
[WhiteTeamCountry "GER"]
[BlackTeamCountry "GER"]

1. g3 e5 2. Bg2 d5 3. d3 Nc6 4. Nf3 Nf6 5. 0-0 Be7 6. a3 a5 7. e3 0-0 8. b3 e4 9. dxe4 Nxe4 10. Bb2 Bf6 11. Nd4 Ne7 12. b4 axb4 13. axb4 Rxa1 14. Bxa1 c6 15. Nd2 Nd6 16. h3 Ng6 17. Qb1 Re8 18. Qb3 Ne5 19. Rd1 Qb6 20. Bc3 h5 21. Re1 Bd7 22. N4f3 Nxf3+ 23. Nxf3 Bxc3 24. Qxc3 Bf5 25. Nd4 Be4 26. Bf1 h4 27. g4 Qc7 28. Qc5 f5 29. b5 fxg4 30. hxg4 Bg6 31. bxc6 bxc6 32. Qxc6 Qxc6 33. Nxc6 Bxc2 34. Bg2 Be4 35. Rd1 Nc4 36. Nb4 Bxg2 37. Kxg2 Rxe3 38. Nxd5 h3+ 39. Kg1 Re4 40. f3 Re2 41. Nf4 h2+ 42. Kh1 Rf2 43. Rd8+ Kf7 44. Ng2 Rxf3 45. Kxh2 Ne5 46. Rd4 g5 47. Re4 Kf6 48. Ne1 Rc3 49. Kg2 Ng6 50. Nf3 Nf4+ 51. Kg3 Ne6 52. Rb4 Ke7 53. Kf2 Kd6 1/2-1/2

[Event "GER CupT"]
[Site "Germany"]
[Date "2010.02.20"]
[Round "1"]
[White "Junker, Reiner"]
[Black "Gurevich, Vladimir"]
[Result "1/2-1/2"]
[WhiteElo "2281"]
[BlackElo "2470"]
[PlyCount "83"]
[EventDate "2010.02.20"]
[EventType "team-tourn"]
[EventRounds "2"]
[EventCountry "GER"]
[SourceTitle "CBM 135 Extra"]
[Source "ChessBase"]
[SourceDate "2010.05.04"]
[SourceVersion "1"]
[SourceVersionDate "2010.05.04"]
[SourceQuality "1"]

1. g3 e5 2. Bg2 d6 3. c4 g6 4. Nc3 Bg7 5. e4 Ne7 6. Nge2 0-0 7. 0-0 Nbc6 8. d3 Bg4 9. h3 Be6 10. Rb1 Qd7 11. Kh2 f5 12. exf5 gxf5 13. f4 d5 14. fxe5 dxc4 15. d4 Rad8 16. Be3 Nb4 17. Nf4 Nbd5 18. Qe2 Nxe3 19. Qxe3 c6 20. Rbd1 Nd5 21. Qe2 Rde8 22. Nxe6 Qxe6 23. Nxd5 cxd5 24. Rf2 Kh8 25. Rdf1 Bh6 26. Qh5 Qg6 27. Rxf5 Qxh5 28. Rxh5 Rxf1 29. Bxf1 Be3 30. Bg2 Bxd4 31. Bxd5 Rxe5 32. Rxe5 Bxe5 33. Bxc4 Bxb2 34. g4 Kg7 35. Kg3 Kf6 36. Kf4 h6 37. h4 Be5+ 38. Ke4 Bg3 39. h5 b6 40. Ba6 Kg5 41. Bc8 a5 42. a4 1/2-1/2

[Event "Oberliga Sued W 0809"]
[Site "Germany"]
[Date "2009.03.01"]
[Round "7.5"]
[White "Junker, Reiner"]
[Black "Thiery, Christoph"]
[Result "1/2-1/2"]
[WhiteElo "2279"]
[BlackElo "2154"]
[PlyCount "49"]
[EventDate "2008.10.05"]
[EventType "team-tourn"]
[EventRounds "11"]
[EventCountry "GER"]
[SourceTitle "EXT 2012"]
[Source "ChessBase"]
[SourceDate "2011.11.24"]
[SourceVersion "1"]
[SourceVersionDate "2011.11.24"]
[SourceQuality "1"]
[WhiteTeam "Ludwigshafen"]
[BlackTeam "Saarbruecken Gambit"]
[WhiteTeamCountry "GER"]
[BlackTeamCountry "GER"]

1. g3 e5 2. Bg2 Nf6 3. d3 Bc5 4. Nf3 d6 5. 0-0 0-0 6. c4 h6 7. Nc3 a5 8. d4 exd4 9. Nxd4 Re8 10. b3 Na6 11. Bb2 c6 12. h3 Bd7 13. Qd2 Rb8 14. Rad1 Qe7 15. Rfe1 d5 16. cxd5 cxd5 17. Qf4 Nb4 18. Qc1 Rbc8 19. Qb1 Ne4 20. e3 Bb6 21. Ncb5 Rc5 22. a3 Nc6 23. Rc1 Nxd4 24. Nxd4 Rec8 25. Qd3 1/2-1/2

[Event "Oberliga Sued W 0809"]
[Site "Germany"]
[Date "2008.11.30"]
[Round "3.5"]
[White "Junker, Reiner"]
[Black "Sievers, Andy"]
[Result "1-0"]
[WhiteElo "2279"]
[BlackElo "1920"]
[PlyCount "73"]
[EventDate "2008.10.05"]
[EventType "team-tourn"]
[EventRounds "11"]
[EventCountry "GER"]
[SourceTitle "EXT 2012"]
[Source "ChessBase"]
[SourceDate "2011.11.24"]
[SourceVersion "1"]
[SourceVersionDate "2011.11.24"]
[SourceQuality "1"]
[WhiteTeam "Ludwigshafen"]
[BlackTeam "Bann"]
[WhiteTeamCountry "GER"]
[BlackTeamCountry "GER"]

1. g3 g6 2. Bg2 Bg7 3. c4 c5 4. Nc3 Nf6 5. e4 Nc6 6. Nge2 d6 7. Rb1 0-0 8. a3 Ne5 9. d3 Bg4 10. 0-0 Bf3 11. h3 h6 12. Be3 Nh7 13. Bxf3 Nxf3+ 14. Kg2 Nd4 15. b4 b6 16. Qd2 g5 17. f4 e5 18. fxg5 hxg5 19. Nd5 Ne6 20. Rf5 f6 21. Ng1 Nc7 22. Nxc7 Qxc7 23. Nf3 Rf7 24. Nh2 Kf8 25. Rbf1 Re8 26. Ng4 Ree7 27. Bg1 Ke8 28. Ne3 Qd7 29. Nd5 Re6 30. Be3 Rf8 31. b5 Rf7 32. a4 Qb7 33. a5 Rd7 34. Ra1 Qb8 35. Rf2 Bf8 36. Qd1 Kd8 37. axb6 1-0

[Event "Oberliga Sued W 0708"]
[Site "Germany"]
[Date "2007.10.21"]
[Round "1.3"]
[White "Junker, Reiner"]
[Black "Silber, Henning"]
[Result "1-0"]
[WhiteElo "2320"]
[BlackElo "2291"]
[PlyCount "85"]
[EventDate "2007.10.21"]
[EventType "team-tourn"]
[EventRounds "9"]
[EventCountry "GER"]
[SourceTitle "EXT 2009"]
[Source "ChessBase"]
[SourceDate "2008.11.26"]
[SourceVersion "1"]
[SourceVersionDate "2008.11.26"]
[SourceQuality "1"]
[WhiteTeam "Ludwigshafen"]
[BlackTeam "Landau"]
[WhiteTeamCountry "GER"]
[BlackTeamCountry "GER"]

1. g3 d5 2. Bg2 Nf6 3. f4 g6 4. Nf3 Bg7 5. 0-0 0-0 6. d3 c5 7. Qe1 d4 8. Na3 Nc6 9. c3 Nd5 10. Bd2 Be6 11. Nc2 Rc8 12. c4 Nc7 13. a4 Qd7 14. b4 Bh3 15. Bxh3 Qxh3 16. Rb1 b6 17. Qf2 a5 18. bxc5 bxc5 19. Ng5 Qd7 20. Ne4 Na6 21. Rb5 Ncb4 22. Na3 f5 23. Ng5 h6 24. Nf3 Qc7 25. Qg2 Kh7 26. Rb7 Qd8 27. g4 Rb8 28. Rb5 e6 29. Kh1 Bf6 30. Rg1 Rg8 31. Qh3 Rxb5 32. cxb5 Nc7 33. Nc4 Ncd5 34. g5 Bg7 35. gxh6 Bf6 36. Ng5+ Bxg5 37. fxg5 Nc3 38. Qf3 Qd5 39. Re1 Nxd3 40. Qxd5 exd5 41. exd3 dxc4 42. Re7+ Kh8 43. Bf4 1-0

[Event "Oberliga Sued W 0607"]
[Site "Germany"]
[Date "2007.02.04"]
[Round "6.4"]
[White "Junker, Reiner"]
[Black "Mueller, Reinhold"]
[Result "1/2-1/2"]
[WhiteElo "2313"]
[BlackElo "2128"]
[PlyCount "70"]
[EventDate "2006.10.15"]
[EventType "team-tourn"]
[EventRounds "9"]
[EventCountry "GER"]
[SourceTitle "EXT 2009"]
[Source "ChessBase"]
[SourceDate "2008.11.26"]
[SourceVersion "1"]
[SourceVersionDate "2008.11.26"]
[SourceQuality "1"]
[WhiteTeam "Ludwigshafen"]
[BlackTeam "Saarbruecken"]
[WhiteTeamCountry "GER"]
[BlackTeamCountry "GER"]

1. g3 Nf6 2. Bg2 g6 3. e4 d6 4. d4 Bg7 5. Ne2 0-0 6. 0-0 c5 7. dxc5 dxc5 8. e5 Nfd7 9. f4 Na6 10. Nbc3 Nb6 11. a3 Rb8 12. Nb5 Bd7 13. Nec3 Nc7 14. Qe2 a6 15. Nxc7 Qxc7 16. a4 Be6 17. a5 Nc4 18. Bd5 Nxa5 19. Bxe6 fxe6 20. Ne4 Nc6 21. Be3 Nd4 22. Bxd4 cxd4 23. Qd3 Qb6 24. b3 Rfd8 25. Rfd1 Rd5 26. h4 Rc8 27. Kh2 Qc6 28. Ra2 h6 29. Rd2 b5 30. Qe2 Rcd8 31. Rd3 Bxe5 32. Qg4 Bg7 33. Qxg6 Rf5 34. Nf2 Rf6 35. Qe4 e5 1/2-1/2

[Event "Oberliga Sued W 0607"]
[Site "Germany"]
[Date "2006.10.29"]
[Round "2.6"]
[White "Ziegler, Mario"]
[Black "Junker, Reiner"]
[Result "1/2-1/2"]
[WhiteElo "2114"]
[BlackElo "2313"]
[PlyCount "103"]
[EventDate "2006.10.15"]
[EventType "team-tourn"]
[EventRounds "9"]
[EventCountry "GER"]
[SourceTitle "EXT 2009"]
[Source "ChessBase"]
[SourceDate "2008.11.26"]
[SourceVersion "1"]
[SourceVersionDate "2008.11.26"]
[SourceQuality "1"]
[WhiteTeam "Schwarzenbach"]
[BlackTeam "Ludwigshafen"]
[WhiteTeamCountry "GER"]
[BlackTeamCountry "GER"]

1. d4 f5 2. Nc3 Nf6 3. Bg5 d5 4. Bxf6 exf6 5. e3 Be6 6. Bd3 Nc6 7. Qf3 Qd7 8. a3 0-0-0 9. Nge2 g6 10. h4 h5 11. 0-0-0 Kb8 12. Kb1 Na5 13. Nc1 Qc6 14. N1a2 Nc4 15. Bxc4 Qxc4 16. Qe2 Qxe2 17. Nxe2 Bd6 18. Nb4 c6 19. g3 a5 20. Nd3 b6 21. Ndf4 Bf7 22. Ng1 Be7 23. Nf3 c5 24. dxc5 bxc5 25. Rd2 Kc7 26. Rhd1 Kc6 27. c3 Rd6 28. Nd3 Kb6 29. b4 c4 30. Nf4 Rhd8 31. Kc1 axb4 32. axb4 Kc6 33. Ra2 Kb7 34. Nd4 Ra8 35. Rxa8 Kxa8 36. Kb2 Kb7 37. Ra1 Ra6 38. Rxa6 Kxa6 39. Nc6 Bd6 40. Nd8 Bg8 41. Nc6 Kb6 42. Nd4 Bf7 43. Nfe2 Be5 44. Kc1 Bd6 45. Kb2 Be7 46. Kc1 Kc7 47. Kd2 Be8 48. Kc1 Kd6 49. Kd2 Ke5 50. f4+ Kd6 51. Nf3 Bd7 52. Ned4 1/2-1/2

[Event "Oberliga Sued W 0506"]
[Site "Germany"]
[Date "2006.01.29"]
[Round "6.4"]
[White "Mayer, Jean Marc"]
[Black "Junker, Reiner"]
[Result "0-1"]
[WhiteElo "2228"]
[BlackElo "2155"]
[PlyCount "90"]
[EventDate "2005.10.23"]
[EventType "team-tourn"]
[EventRounds "9"]
[EventCountry "GER"]
[SourceTitle "EXT 2007"]
[Source "ChessBase"]
[SourceDate "2006.11.23"]
[SourceVersion "1"]
[SourceVersionDate "2006.11.23"]
[SourceQuality "1"]
[WhiteTeam "Saarbruecken"]
[BlackTeam "Ludwigshafen"]
[WhiteTeamCountry "GER"]
[BlackTeamCountry "GER"]

1. d4 f5 2. g3 Nf6 3. Bg2 g6 4. c3 Bg7 5. Nd2 Nc6 6. Qb3 d5 7. Ngf3 0-0 8. 0-0 e6 9. a4 b6 10. Qc2 a5 11. b3 Re8 12. Bb2 Bb7 13. Rac1 Ne4 14. Rfd1 g5 15. h3 h5 16. b4 g4 17. hxg4 hxg4 18. b5 gxf3 19. bxc6 fxe2 20. Re1 Bxc6 21. Nxe4 dxe4 22. Rxe2 Qd7 23. Ra1 Bh6 24. Bc1 Bxc1 25. Qxc1 Re7 26. Qh6 Rh7 27. Qg6+ Rg7 28. Qh6 Re8 29. Re3 Ree7 30. Qh5 Bxa4 31. c4 Bc2 32. Rc1 Bd3 33. d5 Rh7 34. Qg6+ Rhg7 35. Qh5 Rh7 36. Qg6+ Reg7 37. Qf6 Qe7 38. Qd4 Rh6 39. c5 Qf6 40. Qa4 exd5 41. cxb6 Qxb6 42. Rxd3 exd3 43. Bxd5+ Kf8 44. Qa3+ Rd6 45. Qxd3 Rxg3+ 0-1

[Event "Oberliga Sued W 0405"]
[Site "Germany"]
[Date "2005.04.10"]
[Round "9.5"]
[White "Mueller, Reinhold"]
[Black "Junker, Reiner"]
[Result "0-1"]
[WhiteElo "2001"]
[BlackElo "2159"]
[PlyCount "90"]
[EventDate "2004.10.03"]
[EventType "team-tourn"]
[EventRounds "9"]
[EventCountry "GER"]
[SourceTitle "EXT 2009"]
[Source "ChessBase"]
[SourceDate "2008.11.26"]
[SourceVersion "1"]
[SourceVersionDate "2008.11.26"]
[SourceQuality "1"]
[WhiteTeam "Saarbruecken"]
[BlackTeam "Ludwigshafen"]
[WhiteTeamCountry "GER"]
[BlackTeamCountry "GER"]

1. d4 f5 2. Bg5 g6 3. e3 Nh6 4. Bd3 Nf7 5. Bh4 Bg7 6. c4 0-0 7. Nc3 d6 8. Nge2 c6 9. f3 Qc7 10. Bf2 e5 11. e4 exd4 12. Bxd4 Bxd4 13. Nxd4 f4 14. Nde2 Ne5 15. Qd2 Na6 16. b3 Rf6 17. 0-0-0 Qe7 18. Bb1 Nc5 19. Nd4 a5 20. Bc2 a4 21. Qe2 axb3 22. axb3 Qc7 23. Kb2 Qb6 24. g3 Bd7 25. gxf4 Rxf4 26. h4 Raf8 27. h5 g5 28. Rhg1 h6 29. Nf5 Bxf5 30. exf5 Nxc4+ 31. Kc1 Qa5 32. Nb1 Qa2 33. bxc4 Nb3+ 34. Bxb3 Qxe2 35. Rge1 Qxf3 36. Nd2 Qc3+ 37. Kb1 Ra8 38. Ba2 Rxf5 39. Ne4 Qb4+ 40. Ka1 Re5 41. c5+ Rxa2+ 42. Kxa2 Qa4+ 43. Kb2 Rxe4 44. Rxe4 Qxd1 45. cxd6 Qxd6 0-1

[Event "Oberliga Sued W 0405"]
[Site "Germany"]
[Date "2005.02.13"]
[Round "7.5"]
[White "Junker, Reiner"]
[Black "Fritsche, Lutz"]
[Result "1/2-1/2"]
[WhiteElo "2159"]
[BlackElo "2292"]
[PlyCount "119"]
[EventDate "2004.10.03"]
[EventType "team-tourn"]
[EventRounds "9"]
[EventCountry "GER"]
[SourceTitle "EXT 2009"]
[Source "ChessBase"]
[SourceDate "2008.11.26"]
[SourceVersion "1"]
[SourceVersionDate "2008.11.26"]
[SourceQuality "1"]
[WhiteTeam "Ludwigshafen"]
[BlackTeam "Koblenz 25"]
[WhiteTeamCountry "GER"]
[BlackTeamCountry "GER"]

1. g3 e5 2. Bg2 d5 3. d3 Nf6 4. Nf3 Nc6 5. 0-0 Be7 6. c3 a5 7. Nbd2 0-0 8. e4 dxe4 9. dxe4 Be6 10. Qe2 a4 11. Nc4 Nd7 12. Rd1 f6 13. Ne3 Qe8 14. Nd5 Bd8 15. Nh4 Ne7 16. Bf3 Nb8 17. Be3 Ra5 18. b4 axb3 19. axb3 Rxa1 20. Rxa1 Qf7 21. c4 Na6 22. Bg4 c6 23. Nc3 f5 24. exf5 Nxf5 25. Nxf5 Bxf5 26. Rd1 Ba5 27. Na4 Bb4 28. Qf3 Bc2 29. Qxf7+ Rxf7 30. Rd8+ Rf8 31. Be6+ Kh8 32. Rxf8+ Bxf8 33. c5 Nc7 34. Bc4 Nd5 35. Bc1 Nf6 36. f3 Be7 37. Kf2 e4 38. Be3 exf3 39. Kxf3 Nd7 40. Bd4 Nf6 41. Nc3 h5 42. Kf4 Kh7 43. b4 g5+ 44. Ke5 Kg6 45. Ke6 Bd8 46. Kd6 Bf5 47. Be6 Bd3 48. Bc8 Ba6 49. b5 cxb5 50. c6 b4 51. Nd1 Ne4+ 52. Ke5 Nc3 53. Nxc3 bxc3 54. cxb7 Bf6+ 55. Ke4 Bxb7+ 56. Bxb7 c2 57. Be3 Bb2 58. Kd3 c1Q 59. Bxc1 Bxc1 60. Be4+ 1/2-1/2

[Event "Oberliga Sued W 0304"]
[Site "Germany"]
[Date "2004.02.15"]
[Round "6.5"]
[White "Junker, Reiner"]
[Black "Kiefer, Daniel"]
[Result "0-1"]
[WhiteElo "2314"]
[BlackElo "2239"]
[PlyCount "70"]
[EventDate "2003.10.12"]
[EventType "team"]
[EventRounds "9"]
[EventCountry "GER"]
[SourceTitle "EXT 2006"]
[Source "ChessBase"]
[SourceDate "2005.11.24"]
[SourceVersion "1"]
[SourceVersionDate "2005.11.24"]
[SourceQuality "1"]
[WhiteTeam "Ludwigshafen"]
[BlackTeam "Mainz"]
[WhiteTeamCountry "GER"]
[BlackTeamCountry "GER"]

1. g3 g6 2. Bg2 Bg7 3. c4 d6 4. Nc3 f5 5. d3 Nf6 6. e4 0-0 7. Nge2 c6 8. 0-0 Nbd7 9. h3 Rb8 10. Be3 a6 11. Qd2 fxe4 12. Nxe4 Nxe4 13. Bxe4 Nf6 14. Bg2 Be6 15. Rae1 Bf7 16. b3 Qc7 17. d4 b5 18. Rc1 bxc4 19. bxc4 Rfc8 20. Rc2 Nd7 21. f4 e5 22. fxe5 dxe5 23. d5 cxd5 24. Bxd5 Nf6 25. Bxf7+ Qxf7 26. Bg5 Qe6 27. Bxf6 Bxf6 28. Kh2 Be7 29. Qd3 Rb4 30. Rfc1 Kg7 31. c5 Bg5 32. Rd1 Rd8 33. Qxd8 Bxd8 34. Rxd8 Qf5 35. Rdd2 Qf2+ 0-1

[Event "Oberliga Sued W 0304"]
[Site "Germany"]
[Date "2003.12.15"]
[Round "4.5"]
[White "Junker, Reiner"]
[Black "Hetzer, Volkhard"]
[Result "1/2-1/2"]
[WhiteElo "2314"]
[BlackElo "2137"]
[PlyCount "86"]
[EventDate "2003.10.12"]
[EventType "team"]
[EventRounds "9"]
[EventCountry "GER"]
[SourceTitle "EXT 2006"]
[Source "ChessBase"]
[SourceDate "2005.11.24"]
[SourceVersion "1"]
[SourceVersionDate "2005.11.24"]
[SourceQuality "1"]
[WhiteTeam "Ludwigshafen"]
[BlackTeam "Frankenthal"]
[WhiteTeamCountry "GER"]
[BlackTeamCountry "GER"]

1. g3 e5 2. c4 Nf6 3. Nc3 d5 4. cxd5 Nxd5 5. Bg2 Nb6 6. Nf3 Nc6 7. 0-0 Be7 8. d3 0-0 9. a3 f6 10. b4 Be6 11. Bb2 a5 12. b5 Nd4 13. Nxd4 exd4 14. Na4 Bd5 15. Nxb6 cxb6 16. Qa4 Bxg2 17. Kxg2 Bc5 18. Qc4+ Kh8 19. e4 dxe3 20. d4 e2 21. Rfe1 Bd6 22. Rxe2 Re8 23. Rae1 Rxe2 24. Rxe2 Qg8 25. Qe6 Rd8 26. a4 Qxe6 27. Rxe6 Kg8 28. Kf3 Kf7 29. Re3 Bb4 30. Ke2 Rc8 31. Kd3 Rd8 32. g4 Rd7 33. h3 Rd8 34. f4 g6 35. f5 gxf5 36. gxf5 Rd5 37. Ke4 Rd8 38. Re2 Rd7 39. Kf3 Rd5 40. Kf4 Rd6 41. Kg4 Rd5 42. Re6 Bd6 43. Re3 h5+ 1/2-1/2

[Event "Oberliga Sued W 0304"]
[Site "Germany"]
[Date "2003.11.02"]
[Round "2.4"]
[White "Rheinwalt, Tobias"]
[Black "Junker, Reiner"]
[Result "1/2-1/2"]
[WhiteElo "2239"]
[BlackElo "2314"]
[PlyCount "114"]
[EventDate "2003.10.12"]
[EventType "team"]
[EventRounds "9"]
[EventCountry "GER"]
[SourceTitle "EXT 2006"]
[Source "ChessBase"]
[SourceDate "2005.11.24"]
[SourceVersion "1"]
[SourceVersionDate "2005.11.24"]
[SourceQuality "1"]
[WhiteTeam "Landau"]
[BlackTeam "Ludwigshafen"]
[WhiteTeamCountry "GER"]
[BlackTeamCountry "GER"]

1. e4 g6 2. d4 Bg7 3. Nc3 c6 4. Be3 d5 5. f3 Nf6 6. Be2 Qb6 7. Rb1 e5 8. Qd2 exd4 9. Bxd4 Nxe4 10. fxe4 Qxd4 11. Qxd4 Bxd4 12. exd5 0-0 13. Bf3 Bf5 14. Nge2 Re8 15. Kd1 Bg7 16. Ng3 Bd7 17. Nge4 b6 18. Re1 Na6 19. Nd6 Rxe1+ 20. Kxe1 Bxc3+ 21. bxc3 cxd5 22. Bxd5 Rf8 23. Rd1 Nc5 24. c4 Kg7 25. Kd2 f5 26. Re1 Kf6 27. Kc3 Rd8 28. Nf7 Re8 29. Rxe8 Bxe8 30. Nd8 Ke5 31. Kd2 f4 32. c3 g5 33. Ke2 h6 34. h3 h5 35. Bf7 Bxf7 36. Nxf7+ Kf6 37. Nd6 g4 38. hxg4 hxg4 39. Nc8 Ke5 40. Nxa7 Ke4 41. Nb5 f3+ 42. gxf3+ gxf3+ 43. Kf1 Ke3 44. Nd4 Ne4 45. Nf5+ Kd3 46. a4 Nxc3 47. c5 bxc5 48. a5 Nb5 49. a6 c4 50. Kf2 c3 51. Ne3 Ke4 52. Nc2 Kf4 53. Ne3 Ke4 54. Nc2 Na7 55. Ne3 Nc6 56. Nc2 Kd3 57. Ne3 Ke4 1/2-1/2

[Event "Oberliga Sued W 0203"]
[Site "Germany"]
[Date "2003.02.09"]
[Round "7.4"]
[White "Warter, Siegfried"]
[Black "Junker, Reiner"]
[Result "1/2-1/2"]
[WhiteElo "2134"]
[BlackElo "2360"]
[PlyCount "43"]
[EventDate "2002.10.??"]
[EventType "team"]
[EventRounds "9"]
[EventCountry "GER"]
[SourceTitle "EXT 2005"]
[Source "ChessBase"]
[SourceDate "2004.11.15"]
[SourceVersion "1"]
[SourceVersionDate "2004.11.15"]
[SourceQuality "1"]

1. e4 Nc6 2. d4 e5 3. dxe5 Nxe5 4. Nf3 Qf6 5. Nbd2 Bc5 6. Qe2 Ne7 7. Nxe5 Qxe5 8. Nc4 Qe6 9. Be3 Bxe3 10. Qxe3 d5 11. exd5 Nxd5 12. Qxe6+ Bxe6 13. 0-0-0 0-0-0 14. a3 Rhe8 15. Re1 c6 16. g3 Kc7 17. Bd3 h6 18. f4 Nf6 19. Ne5 Nd7 20. Nxd7 Kxd7 21. Re3 Bg4 22. Rhe1 1/2-1/2

[Event "Oberliga Sued W 0203"]
[Site "Germany"]
[Date "2002.09.29"]
[Round "1.4"]
[White "Junker, Reiner"]
[Black "Sahm, Philipp"]
[Result "1-0"]
[WhiteElo "2360"]
[BlackElo "2052"]
[PlyCount "73"]
[EventDate "2002.10.??"]
[EventType "team"]
[EventRounds "9"]
[EventCountry "GER"]
[SourceTitle "EXT 2005"]
[Source "ChessBase"]
[SourceDate "2004.11.15"]
[SourceVersion "1"]
[SourceVersionDate "2004.11.15"]
[SourceQuality "1"]

1. g3 e5 2. Bg2 d5 3. c3 Nf6 4. d4 e4 5. f3 exf3 6. exf3 Bd6 7. Nh3 0-0 8. 0-0 c6 9. Be3 Bf5 10. Nd2 Re8 11. Re1 Nbd7 12. Nf1 Nf8 13. Qd2 Ng6 14. Re2 Qd7 15. Nf2 h5 16. Rae1 h4 17. g4 Be6 18. h3 Qc7 19. Nd3 b6 20. b3 c5 21. Bg5 Nh7 22. Ne5 Bxe5 23. dxe5 Nxg5 24. Qxg5 Qe7 25. Qd2 Rad8 26. f4 Bc8 27. Rf2 d4 28. Be4 dxc3 29. Qxc3 Nf8 30. Ne3 Bb7 31. Nf5 Qe6 32. Bxb7 Rd7 33. Be4 Red8 34. Nd6 Kh8 35. Bf5 Qd5 36. Bxd7 Rxd7 37. Qc4 1-0

[Event "Oberliga Sued W 0102"]
[Site "Germany"]
[Date "2001.10.21"]
[Round "?"]
[White "Junker, Reiner"]
[Black "Scheuermann, Gerhard"]
[Result "1-0"]
[WhiteElo "2410"]
[BlackElo "2117"]
[PlyCount "101"]
[EventDate "2001.10.09"]
[EventType "team"]
[EventRounds "9"]
[EventCountry "GER"]
[SourceTitle "EXT 2003"]
[Source "ChessBase"]
[SourceDate "2002.11.25"]
[SourceVersion "1"]
[SourceVersionDate "2002.11.25"]
[SourceQuality "1"]

1. e4 e5 2. Nf3 Nf6 3. d3 Nc6 4. Be2 d5 5. Nbd2 g6 6. 0-0 Bg7 7. c3 0-0 8. b4 a6 9. Qc2 Re8 10. a4 b6 11. Ba3 Bb7 12. b5 Na5 13. Bb4 c5 14. Bxa5 bxa5 15. c4 dxe4 16. dxe4 Qc7 17. Rad1 Rad8 18. Bd3 Nh5 19. g3 Nf6 20. Rfe1 Nd7 21. Nb1 f5 22. Nc3 f4 23. Nd5 Qc8 24. Bf1 Nf8 25. Qc3 Qg4 26. h3 Qc8 27. Qxa5 Ne6 28. Qc3 fxg3 29. fxg3 Nd4 30. Kh2 Bxd5 31. cxd5 axb5 32. Bxb5 Rf8 33. Rf1 Rd6 34. Kg2 Rdf6 35. Nh2 Qc7 36. Rxf6 Rxf6 37. Rf1 Rxf1 38. Bxf1 Qb6 39. Bd3 c4 40. Bxc4 Kh8 41. Bd3 Bf8 42. a5 Qb8 43. a6 Qb6 44. h4 Bc5 45. Ng4 h5 46. Nxe5 Qa7 47. Nc6 Qg7 48. Qxc5 Nb3 49. Qc2 Na1 50. Qb1 Qc3 51. a7 1-0

[Event "Verbandsliga Nord Baden 9900"]
[Site "Germany"]
[Date "1999.12.12"]
[Round "4.4"]
[White "Junker, Reiner"]
[Black "Schott, Reimund"]
[Result "1-0"]
[WhiteElo "2410"]
[BlackElo "2049"]
[PlyCount "91"]
[EventDate "1999.09.26"]
[EventType "team"]
[EventRounds "9"]
[EventCountry "GER"]
[SourceTitle "EXT 2002"]
[Source "ChessBase"]
[SourceDate "2001.11.25"]
[SourceVersion "1"]
[SourceVersionDate "2001.11.25"]
[SourceQuality "1"]
[WhiteTeam "Viernheim II"]
[BlackTeam "Handschuhsheim"]
[WhiteTeamCountry "GER"]
[BlackTeamCountry "GER"]

1. e4 c5 2. d3 d6 3. g3 g6 4. Bg2 Bg7 5. Ne2 e6 6. c4 Nc6 7. Nbc3 Nge7 8. 0-0 0-0 9. Rb1 a6 10. a4 Rb8 11. Be3 Nd4 12. b4 cxb4 13. Rxb4 Qa5 14. Rb1 Nec6 15. e5 Qxe5 16. Nxd4 Nxd4 17. Bf4 Qa5 18. Bxd6 Qxc3 19. Bxb8 Rd8 20. Bc7 Rd7 21. Bb6 Nf5 22. Rb3 Qf6 23. Qb1 h5 24. Qd1 Ne7 25. Qf3 Nf5 26. h3 Qe7 27. Rd1 Bd4 28. Rdb1 Qd6 29. Kf1 e5 30. Qe4 Re7 31. Qd5 Qf6 32. Bxd4 exd4 33. Qf3 Qd6 34. Qf4 Qe6 35. Bxb7 Qe2+ 36. Kg1 Bxb7 37. Rxb7 Rxb7 38. Rxb7 Qxd3 39. Rb8+ Kh7 40. g4 Qd1+ 41. Kh2 Ng7 42. Qxf7 hxg4 43. Rb7 g3+ 44. Kxg3 Qg1+ 45. Kf3 Qh1+ 46. Ke2 1-0